LEADER 00796nam 2200169z- 450 001 9910698925703321 035 $a(CKB)5470000002398621 035 $a(EXLCZ)995470000002398621 100 $a20230503cuuuuuuuu -u- - 101 0 $aeng 200 00$aCommittee print : Rail and Public Transportation Security Act of 2007 : hearing before the Committee on Homeland Security, House of Representatives, One Hundred Tenth Congress, first session, March 6, 2007 210 $aWashington 517 $aCommittee print 906 $aBOOK 912 $a9910698925703321 996 $aCommittee print : Rail and Public Transportation Security Act of 2007 : hearing before the Committee on Homeland Security, House of Representatives, One Hundred Tenth Congress, first session, March 6, 2007$93113148 997 $aUNINA LEADER 02427nam 22004935 450 001 9910427702703321 005 20251225183640.0 010 $a3-030-61244-9 024 7 $a10.1007/978-3-030-61244-3 035 $a(CKB)4100000011526524 035 $a(MiAaPQ)EBC6381381 035 $a(DE-He213)978-3-030-61244-3 035 $a(PPN)255894414 035 $a(EXLCZ)994100000011526524 100 $a20201026d2020 u| 0 101 0 $aeng 135 $aurnn|008mamaa 181 $ctxt$2rdacontent 182 $cc$2rdamedia 183 $acr$2rdacarrier 200 10$aKnowledge Engineering and Knowledge Management $e22nd International Conference, EKAW 2020, Bolzano, Italy, September 16?20, 2020, Proceedings /$fedited by C. Maria Keet, Michel Dumontier 205 $a1st ed. 2020. 210 1$aCham :$cSpringer International Publishing :$cImprint: Springer,$d2020. 215 $a1 online resource (XII, 287 p. 87 illus., 53 illus. in color.) 225 1 $aLecture Notes in Artificial Intelligence,$x2945-9141 ;$v12387 300 $aIncludes index. 311 08$a3-030-61243-0 327 $aKnowledge Engineering and Acquisition -- Ontology Engineering -- Semantic Web -- Web of Data -- Knowledge Management -- Knowledge representation -- Knowledge ecosystems -- Knowledge discovery -- Natural Language Processing -- Knowledge Graphs. 330 $aThis book constitutes the refereed proceedings of the 22nd International Conference on Knowledge Engineering and Knowledge Management, EKAW 2020, held in Bolzano, Italy, in September 2020. The 12 full papers presented together with 7 were carefully reviewed and selected from 104 submissions. The special theme of EKAW 2020 is ?Ethical and Trustworthy Knowledge Engineering". The papers cover all aspects of eliciting, acquiring, discovering, modeling, and managing knowledge and construction of knowledge-intensive systems. 410 0$aLecture Notes in Artificial Intelligence,$x2945-9141 ;$v12387 606 $aArtificial intelligence 606 $aArtificial Intelligence 615 0$aArtificial intelligence. 615 14$aArtificial Intelligence. 676 $a006.3 702 $aDumontier$b Michel 702 $aKeet$b C. Maria 801 0$bMiAaPQ 801 1$bMiAaPQ 801 2$bMiAaPQ 906 $aBOOK 912 $a9910427702703321 996 $aKnowledge engineering and knowledge management$91933916 997 $aUNINA